| 000 | 02765cam a2200733 4500 | ||
|---|---|---|---|
| 001 | L127749 | ||
| 002 | 7887 | ||
| 008 | 041019n2004 000 0 eng u | ||
| 020 | _a0199273758 | ||
| 035 | _a(Sirsi) u127749 | ||
| 041 | _aeng. | ||
| 050 |
_a346.410434 _c18 |
||
| 100 | _aGarner, Simon | ||
| 245 | 2 | _aA practical approach to landlord and tenant | |
| 250 | _a4th ed. | ||
| 260 |
_aOxford _bOxford University Press _c2004 |
||
| 300 |
_axlix, 598p. _c25cm. |
||
| 350 | _a36.95 | ||
| 505 | _aDistinction between a lease and a licence | ||
| 505 | _aCreating a tenancy | ||
| 505 | _aIntroduction to obligations in leases | ||
| 505 | _aImplied obligations | ||
| 505 | _aExpress obligations | ||
| 505 | _aRepair - contractural obligations | ||
| 505 | _aRepair - obligations arising in tort | ||
| 505 | _aAssignment and sub-letting - continuing obligations | ||
| 505 | _aTermination of tenancies: an overview - the common law rules | ||
| 505 | _aForfeiture | ||
| 505 | _aIntroduction to the statutory codes | ||
| 505 | _aThe Rent Act 1977 - protected tenancies | ||
| 505 | _aThe Rent Act 1977 - recovery of possession by the landlord | ||
| 505 | _aThe Housing Act 1988 - assured tenancies | ||
| 505 | _aThe Housing Act 1988- recovery of possession by the landlord | ||
| 505 | _aThe Housing Act 1985 - secure tenancies | ||
| 505 | _aThe Housing Act 1985 - recovery of possession by the landlord | ||
| 505 | _aProtection from eviction | ||
| 505 | _aLong residential leases at low rents | ||
| 505 | _aManagement and service charges in long leases | ||
| 505 | _aEnfranchisement and leasehold extention | ||
| 505 | _aCommonhold | ||
| 505 | _aBusiness tenancies | ||
| 505 | _aAgricultural holdings | ||
| 505 | _aFarm business tenancies | ||
| 505 | _aResidential protection of agricultural workers | ||
| 520 | _aThis edition has been comprehensively updated to cover all recent developments in the law, including the introduction of commonhold, the new right to manage, the new provisions on service charges, statements of account and enfranchisement, the new disrepair protocol, the recent changes to business tenancies, and all relevant case law. | ||
| 650 |
_aLANDLORD AND TENANT _96252 |
||
| 650 | _aLAW | ||
| 650 | _aTENANCIES | ||
| 650 | _aRENT ACT 1977 | ||
| 650 | _aHOUSING ACT 1985 | ||
| 650 | _aHOUSING ACT 1988 | ||
| 650 | _aCOMMONHOLD | ||
| 650 | _aENFRANCHISEMENT | ||
| 650 | _aAGRICULTURAL HOLDINGS | ||
| 650 | _aFARM BUSINESS TENANCIES | ||
| 650 | _aBUSINESS TENANCIES | ||
| 650 | _aASSURED TENANCIES | ||
| 650 | _aPROTECTED TENANCIES | ||
| 650 | _aREPAIR | ||
| 650 | _aFORFEITURE | ||
| 690 |
_aLandlord and tenant _96252 |
||
| 700 | _aFrith, Alexandra | ||
| 942 | _n0 | ||
| 999 |
_c103819 _d103819 |
||